| 000 | 00000nam 2200000za 4500 |
| 001 | 9.642815 |
| 003 | CaOODSP |
| 005 | 20240207110918 |
| 007 | cr ||||||||||| |
| 008 | 150407|2008||||xxc|||||o f|0| 0 fre d |
| 040 | |aCaOODSP|bfre |
| 043 | |an-cn--- |
| 086 | 1 |aSE3-83/2008F-PDF |
| 245 | 00|aRencontres postélectorales régionales avec les directeurs du scrutin, 40e élection générale |h[ressource électronique] : |bsommaire exécutif. |
| 260 | |aOttawa : |bÉlections Canada, |c[2008]. |
| 300 | |a10 p. |
| 590 | |a14-07-Supp|b2014-04-03 |
| 691 | 07|aÉlections|2gcpds |
| 710 | 2 |aÉlections Canada. |
| 775 | 08|tRegional post-mortem meetings with returning officers, 40th general election |w(CaOODSP)9.698730 |
| 856 | 40|ahttp://publications.gc.ca|qPDF|s150 Ko|uhttps://publications.gc.ca/collections/collection_2014/elections/SE3-83-2008-fra.pdf |